Urus niaga Al-Bai' Bithaman Ajil dalam mekanisme pembiayaan tanpa riba

Bibliographic Details
Main Author: Osman Sabran (Author)
Format: Book
Language:Malay
Published: Skudai : Penerbit Universiti Teknologi Malaysia 2000
Subjects:

MARC

LEADER 00000cam a2200000 7i4500
001 0000027804
005 20241120.0
008 1802012 my may
020 |a 9835201986 
040 |a INS   |b eng   |e rda 
090 0 0 |a BP158.B35   |b O863 
100 0 |a Osman Sabran ,   |e author. 
245 1 0 |a Urus niaga Al-Bai' Bithaman Ajil dalam mekanisme pembiayaan tanpa riba   |c Osman Sabran 
264 1 |a Skudai :   |b Penerbit Universiti Teknologi Malaysia   |c 2000 
300 |a viii, 92 pages ;   |c 23 cm. 
336 |a text  |2 rdacontent 
337 |a unmediated  |2 rdamedia 
338 |a volume  |2 rdacarrier 
500 |a Mengandungi ayat-ayat dari Quran 
504 |a Includes bibliographical references (pages89-90) and index 
650 0 |a Banking law (Islamic law) 
999 |a 1000003245   |b BOOK   |c Open Shelf   |e Default branch 
999 |a 1000003246   |b BOOK   |c Open Shelf   |e Default branch